[Event "AUTO-ELITE-1719"]
[Site "http://www.queenalice.com/game.php?id=1469896"]
[Date "2017.3.22"]
[Round "2"]
[White "jacconsultoria"]
[Black "chizo"]
[Result "1-0"]
[WhiteElo "2657"]
[BlackElo "2344"]

1. c4 Nf6 2. Nc3 e5 3. g3 Bb4 4. Bg2 O-O 5. d3 c6 6. Nf3 d5 7. Bd2 Re8 8. a3
Bxc3 9. Bxc3 e4 10. dxe4 Nxe4 11. cxd5 Nxc3 12. bxc3 cxd5 13. Nd4 Na6 14. O-O
Nc5 15. Qc2 a5 16. c4 dxc4 17. Qxc4 Ne4 18. Rfc1 Nd6 19. Qd5 Qf6 20. Rab1 Re5
21. Qf3 Qg5 22. Qc3 Re7 23. f4 Qg6 24. Rb6 Bd7 25. Bxb7 Rae8 26. Bf3 Bh3 27.
Qxa5 Rd7 28. Qb4 Kh8 29. Rcc6 Red8 30. e4 h5 31. Rb8 Rxb8 32. Qxb8+ Kh7 33. Ra6
f5 34. e5 Qf7 35. Rxd6 Rxd6 36. Qxd6 Qc4 37. Be2 Qc8 38. Nf3 h4 39. Ng5+ Kg8 40.
Qd5+ Kh8 41. e6 hxg3 42. hxg3 Qc1+ 43. Kh2 Qc8 44. e7 1-0

[Event "AUTO-ELITE-1856"]
[Site "http://www.queenalice.com/game.php?id=1487564"]
[Date "2017.7.26"]
[Round "1"]
[White "chizo"]
[Black "Tecodamara"]
[Result "1/2-1/2"]
[WhiteElo "2337"]
[BlackElo "2709"]

1. e4 c5 2. Nf3 e6 3. d4 cxd4 4. Nxd4 Nf6 5. Nc3 Nc6 6. Ndb5 Bb4 7. a3 Bxc3+ 8.
Nxc3 d5 9. exd5 Nxd5 10. Nxd5 exd5 11. Bd3 Qe7+ 12. Qe2 Qxe2+ 13. Bxe2 Bf5 14.
c3 d4 15. cxd4 Nxd4 16. Bd1 O-O 17. Be3 Nc2+ 18. Bxc2 Bxc2 19. Rc1 Ba4 20. f3
Rac8 21. Kf2 b6 22. Bf4 f6 23. Rhe1 Rxc1 24. Rxc1 g5 25. Bd2 Rd8 26. Be3 Rd1 27.
Rc3 Kf7 28. f4 Rb1 29. Bc1 g4 30. Ke2 Bd7 31. Rc7 Ke8 32. Kd2 a5 33. Kc2 Ra1 34.
Rb7 b5 35. g3 a4 36. Rc7 Bf5+ 37. Kd2 Bd7 38. Rc5 Kf7 39. Rd5 Bc6 40. Rc5 Bd7
41. Rd5 Bc6 42. Rc5 Bd7 43. Rh5 Kg6 44. Rd5 Bc6 45. Rc5 Bd7 46. Rd5 Bc6 47. Rc5
Bd7 48. Kd1 Kf7 49. Rh5 Kg6 50. Rd5 Bc6 51. Rc5 Bd7 52. Kc2 Bf5+ 53. Kd2 Bd7 54.
Kd1 1/2-1/2

[Event "AUTO-ELITE-1856"]
[Site "http://www.queenalice.com/game.php?id=1487565"]
[Date "2017.7.26"]
[Round "1"]
[White "Tecodamara"]
[Black "chizo"]
[Result "1-0"]
[WhiteElo "2708"]
[BlackElo "2338"]

1. d4 Nf6 2. c4 e6 3. Nc3 Bb4 4. e3 O-O 5. Bd3 d5 6. Nf3 c5 7. O-O Nc6 8. cxd5
exd5 9. dxc5 Bxc5 10. h3 a6 11. b3 Qe7 12. Bb2 Rd8 13. Ne2 Ne4 14. Rc1 Bd6 15.
Bb1 Be6 16. Nfd4 Bd7 17. Nf4 Bxf4 18. exf4 Re8 19. Nxc6 Bxc6 20. Qg4 g6 21. f5
a5 22. Rfe1 Qb4 23. Red1 Qe7 24. f3 Nf6 25. Qd4 Kg7 26. g4 g5 27. h4 h6 28. hxg5
hxg5 29. f4 Kf8 30. Rd2 gxf4 31. Rh2 Rec8 32. Qxf4 Ke8 33. Bxf6 Qxf6 34. g5 Qd8
35. Rh8+ Kd7 36. Rxd8+ Rxd8 37. f6 Re8 38. Bf5+ Re6 39. Bxe6+ fxe6 40. f7 Rf8
41. g6 Ke7 42. Qg5+ Kd6 43. Qf6 Bd7 44. g7 1-0

[Event "AUTO-ELITE-1782"]
[Site "http://www.queenalice.com/game.php?id=1494473"]
[Date "2017.9.15"]
[Round "2"]
[White "chizo"]
[Black "greggy"]
[Result "0-1"]
[WhiteElo "2320"]
[BlackElo "2749"]

1. e4 c6 2. d4 d5 3. e5 Bf5 4. Be3 e6 5. Nd2 Nd7 6. Ngf3 Ne7 7. Be2 c5 8. c4 Be4
9. dxc5 Nc6 10. cxd5 Bxd5 11. Qc2 Be7 12. O-O O-O 13. Ne4 Qc7 14. Rad1 Rfd8 15.
Neg5 Nf8 16. Bd3 Ng6 17. Qc3 a5 18. b3 Nb4 19. Bxg6 hxg6 20. a3 Bxf3 21. Rxd8+
Rxd8 22. axb4 Be2 23. Re1 Ba6 24. bxa5 Rd3 25. Qb4 Rxe3 26. Rxe3 Bxg5 27. Re1
Qd8 28. f4 Be7 29. Qc3 g5 30. fxg5 Bxg5 31. Kh1 Qd5 32. Qc2 Bb5 33. b4 Qd4 34.
Qb1 Qf2 35. Rg1 Qh4 36. Qe1 Qd4 37. Qb1 Qxe5 38. Qb3 Bf4 39. h3 Bc6 40. b5 Bd5
41. Qd3 Be3 42. Qe2 Qc3 43. Rf1 Bc4 44. Qe1 Bd2 45. Qf2 Bxf1 46. Qxf1 Qxa5 47.
g3 Qc3 48. Qg2 Be3 49. c6 bxc6 50. bxc6 Bb6 51. Kh2 g5 52. Qe2 Qxc6 53. Qa2 Qc3
54. Qe2 Kf8 55. Kg2 Qc1 56. Qf1 Qd2+ 57. Kh1 f5 58. h4 gxh4 59. gxh4 Qd5+ 60.
Kh2 Qe5+ 61. Kg2 Qg7+ 62. Kh2 Bc7+ 63. Kh1 Qg3 64. Qg2 Qxg2+ 65. Kxg2 Kg7 66.
Kf3 Kh6 67. Ke3 f4+ 68. Kf3 Kh5 69. Ke4 Kxh4 70. Kf3 e5 71. Ke4 Kg3 72. Kd3 f3
0-1

[Event "AUTO-ELITE-1782"]
[Site "http://www.queenalice.com/game.php?id=1494474"]
[Date "2017.9.15"]
[Round "2"]
[White "greggy"]
[Black "chizo"]
[Result "1-0"]
[WhiteElo "2725"]
[BlackElo "2348"]

1. e4 c5 2. f4 e6 3. Nf3 d5 4. Bb5+ Bd7 5. Bxd7+ Qxd7 6. Ne5 Qd6 7. exd5 Qxd5 8.
Qe2 Nc6 9. Nc3 Qd6 10. Nb5 Qb8 11. O-O Nge7 12. b3 a6 13. Qd3 Nd5 14. Nxc6 bxc6
15. Na3 Bd6 16. g3 Nb4 17. Qc3 O-O 18. Bb2 f6 19. Rfe1 Qc8 20. Nc4 Bc7 21. d3
Qd7 22. Qd2 Rab8 23. Re4 Rf7 24. Rae1 Re8 25. Ba3 a5 26. R4e3 Rfe7 27. c3 Nd5
28. R3e2 Bb8 29. Bxc5 Ba7 30. d4 Bxc5 31. dxc5 Qa7 32. Qd4 Nc7 33. Qd6 Qa8 34.
Nb6 Qb7 35. b4 Nb5 36. Qd3 axb4 37. cxb4 e5 38. fxe5 fxe5 39. a4 Nd4 40. Rf2 Re6
41. Qc4 Qc7 42. a5 g6 43. a6 Kg7 44. Qa2 Nb5 45. Ref1 R6e7 46. Rf6 Nd4 47. Nc4
Nf5 48. R6xf5 gxf5 49. Nd6 Rd8 50. Nxf5+ Kh8 51. Nxe7 Qxe7 52. a7 Ra8 53. Rf7
Qg5 54. Qe2 Rg8 55. Kg2 Rd8 56. Rb7 Re8 57. Rb8 Qg8 58. a8=Q Qd5+ 59. Kh3 Qe6+
60. g4 Rxb8 61. Qxb8+ 1-0

[Event "AUTO-ELITE-1958"]
[Site "http://www.queenalice.com/game.php?id=1519770"]
[Date "2018.3.15"]
[Round "1"]
[White "TigranPetrosian"]
[Black "chizo"]
[Result "1-0"]
[WhiteElo "2610"]
[BlackElo "2319"]

1. d4 Nf6 2. c4 e6 3. Nc3 Bb4 4. f3 d5 5. a3 Bxc3+ 6. bxc3 c5 7. cxd5 exd5 8. e3
c4 9. Ne2 Nc6 10. g4 O-O 11. Bg2 Na5 12. O-O Nb3 13. Ra2 b5 14. Ng3 a5 15. g5
Ne8 16. e4 Nxc1 17. Qxc1 Ra6 18. e5 Nc7 19. Rb2 Bd7 20. f4 Qe7 21. Rbf2 h6 22.
h4 b4 23. f5 Rd8 24. Nh5 hxg5 25. f6 gxf6 26. Rxf6 bxc3 27. Qxg5+ 1-0

[Event "AUTO-ELITE-1958"]
[Site "http://www.queenalice.com/game.php?id=1519771"]
[Date "2018.3.15"]
[Round "1"]
[White "chizo"]
[Black "TigranPetrosian"]
[Result "0-1"]
[WhiteElo "2316"]
[BlackElo "2608"]

1. e4 c5 2. Nf3 e6 3. d4 cxd4 4. Nxd4 a6 5. g3 b6 6. Bg2 Bb7 7. O-O Nf6 8. Qe2
d6 9. c4 Be7 10. Nc3 Qc7 11. Be3 O-O 12. Rac1 Nc6 13. Nxc6 Bxc6 14. a4 Bb7 15.
Rfd1 Rac8 16. b3 Nd7 17. Rd2 Bf6 18. Qd1 Rfd8 19. Rxd6 Nc5 20. Rxd8+ Rxd8 21.
Qc2 Rd3 22. e5 Bxe5 23. Ne2 Bxg2 24. Bxc5 Be4 25. Ba3 Rxg3+ 26. Nxg3 Bxc2 27.
Rxc2 Qd8 28. Rc1 Bf4 29. Ra1 Qd4 30. Rb1 Qd3 31. Rb2 Be5 32. Kg2 Bxb2 33. Bxb2
Qxb3 0-1

[Event "AUTO-ELITE-1958"]
[Site "http://www.queenalice.com/game.php?id=1519778"]
[Date "2018.3.15"]
[Round "1"]
[White "chizo"]
[Black "prego"]
[Result "0-1"]
[WhiteElo "2313"]
[BlackElo "2538"]

1. e4 c5 2. Nf3 d6 3. d4 cxd4 4. Nxd4 Nf6 5. Nc3 a6 6. Bg5 e6 7. f4 Be7 8. Qf3
h6 9. Bh4 Qc7 10. O-O-O Nbd7 11. Bd3 g5 12. Bf2 gxf4 13. Rhf1 b5 14. Bh4 Ne5 15.
Qxf4 Ng6 16. Qg3 Nxh4 17. Qxh4 Qc5 18. Rd2 b4 19. Nd1 Nd7 20. Qf2 Rf8 21. Kb1
Bg5 22. Re2 Ne5 23. Nb3 Qxf2 24. Nxf2 a5 25. Nh3 Ke7 26. Nxg5 hxg5 27. h3 g4 0-1

[Event "AUTO-ELITE-1958"]
[Site "http://www.queenalice.com/game.php?id=1519779"]
[Date "2018.3.15"]
[Round "1"]
[White "prego"]
[Black "chizo"]
[Result "1-0"]
[WhiteElo "2541"]
[BlackElo "2308"]

1. d4 Nf6 2. c4 e6 3. Nc3 Bb4 4. e3 O-O 5. Bd3 d5 6. Nf3 c5 7. a3 Bxc3+ 8. bxc3
dxc4 9. Bxc4 Qc7 10. Ba2 b6 11. O-O Bb7 12. Ne5 Nc6 13. Nxc6 Qxc6 14. f3 Rfd8
15. Rf2 Rac8 16. e4 cxd4 17. cxd4 Ba6 18. Bb2 Bc4 19. Rc1 b5 20. Bxc4 bxc4 21.
Rfc2 Qb5 22. Qe2 Nh5 23. g3 Rb8 24. Ba1 Qa6 25. Qxc4 Qxa3 26. Rc3 Qa5 27. Qc5
Qb5 28. Qxb5 1-0

[Event "AUTO-ELITE-2118"]
[Site "http://www.queenalice.com/game.php?id=1571150"]
[Date "2019.5.16"]
[Round "1"]
[White "chizo"]
[Black "serinha"]
[Result "0-1"]
[WhiteElo "2303"]
[BlackElo "2567"]

1. e4 g6 2. d4 Bg7 3. Nc3 d6 4. Nf3 a6 5. a4 b6 6. Bc4 e6 7. O-O Ne7 8. Be3 Nd7
9. Qc1 h6 10. Re1 Bb7 11. Bd2 g5 12. Be3 c5 13. dxc5 bxc5 14. Qd2 g4 15. Nh4 Ne5
16. Be2 N7c6 17. g3 Nd4 18. Red1 Bf6 19. Kh1 Nxe2 20. Qxe2 Bxh4 21. gxh4 Nf3 22.
Bf4 e5 23. Bg3 f5 0-1

[Event "AUTO-ELITE-2118"]
[Site "http://www.queenalice.com/game.php?id=1571151"]
[Date "2019.5.16"]
[Round "1"]
[White "serinha"]
[Black "chizo"]
[Result "1-0"]
[WhiteElo "2570"]
[BlackElo "2299"]

1. Nh3 e5 2. g3 d5 3. f4 e4 4. Bg2 Nc6 5. d3 Bf5 6. Nf2 Nf6 7. e3 exd3 8. cxd3
Bb4+ 9. Bd2 Qe7 10. O-O Be6 11. a3 Bxd2 12. Nxd2 O-O-O 13. b4 Qd6 14. b5 Ne7 15.
Nf3 Qb6 16. a4 Nf5 17. a5 Qxb5 18. Qd2 d4 19. e4 Ne3 20. Rfc1 Nxg2 21. Rab1 Nh5
22. Rxb5 Nhxf4 23. gxf4 Bd7 24. Qc2 1-0

[Event "AUTO-ELITE-2118"]
[Site "http://www.queenalice.com/game.php?id=1571152"]
[Date "2019.5.16"]
[Round "1"]
[White "chizo"]
[Black "netus"]
[Result "1-0"]
[WhiteElo "2331"]
[BlackElo "2289"]

1. e4 c5 2. Nf3 Nc6 3. c3 e5 4. Bc4 Qc7 5. O-O Be7 6. Na3 Nf6 7. d4 cxd4 8. Nb5
Qb8 9. cxd4 O-O 10. d5 a6 11. Nc3 Na5 12. Bd3 b5 13. Qe2 d6 14. b4 Qc7 15. Nxb5
axb5 16. bxa5 Rxa5 17. Bd2 Ra4 18. Rfc1 Qb6 19. Bc2 1-0

[Event "AUTO-ELITE-2118"]
[Site "http://www.queenalice.com/game.php?id=1571153"]
[Date "2019.5.16"]
[Round "1"]
[White "netus"]
[Black "chizo"]
[Result "0-1"]
[WhiteElo "2300"]
[BlackElo "2320"]

1. e4 c5 2. Nf3 d6 3. b4 cxb4 4. a3 Nf6 5. axb4 Nxe4 6. Bb5+ Nc6 7. O-O Bd7 8.
Bd3 f5 9. b5 Nb4 10. Be2 Nd5 11. Ra3 e6 12. d3 Nef6 13. Ng5 Be7 14. c4 Nb6 15.
Bf3 d5 16. Re1 O-O 17. Ra2 Qc8 18. cxd5 Nbxd5 19. Rc2 Nc7 0-1

[Event "AUTO-ELITE-2160"]
[Site "http://www.queenalice.com/game.php?id=1595467"]
[Date "2020.1.7"]
[Round "2"]
[White "preggo"]
[Black "chizo"]
[Result "1-0"]
[WhiteElo "2502"]
[BlackElo "2309"]

1. d4 Nf6 2. c4 c5 3. d5 b5 4. cxb5 a6 5. f3 axb5 6. e4 Qa5+ 7. Bd2 b4 8. Na3 d6
9. Nc2 Qd8 10. a3 bxa3 11. Nxa3 g6 12. Nb5 Ra6 13. Qc1 Rxa1 14. Qxa1 Na6 15. Qa4
h5 16. Nxd6# 1-0

[Event "AUTO-ELITE-2242"]
[Site "http://www.queenalice.com/game.php?id=1616462"]
[Date "2020.6.13"]
[Round "1"]
[White "chizo"]
[Black "preggo"]
[Result "0-1"]
[WhiteElo "2303"]
[BlackElo "2519"]

1. e4 e5 2. c3 Nf6 3. Nf3 Nxe4 4. d3 Nf6 5. Nxe5 Qe7 6. Qe2 d6 7. Nf3 Nc6 8.
Nbd2 h6 9. d4 Be6 10. g3 O-O-O 11. Bg2 Bf5 12. Qxe7 Bxe7 13. O-O d5 14. b4 Nd7
15. a4 Rhe8 16. Ba3 Nf6 17. b5 Bxa3 18. Rxa3 Na5 19. Ne5 Re7 20. Nb3 Nxb3 21.
Rxb3 h5 22. a5 Ng4 23. Nf3 Bd3 24. Re1 Rxe1+ 25. Bf1 Rxf1+ 26. Kg2 Rxf2+ 27. Kh3
g5 28. Rb1 Bf5 29. Nxg5 Rxh2# 0-1

[Event "AUTO-ELITE-2242"]
[Site "http://www.queenalice.com/game.php?id=1616463"]
[Date "2020.6.13"]
[Round "1"]
[White "preggo"]
[Black "chizo"]
[Result "1-0"]
[WhiteElo "2526"]
[BlackElo "2284"]

1. e4 c5 2. Nc3 d6 3. f4 Nc6 4. Nf3 g6 5. Bc4 Bg7 6. O-O e6 7. d3 Nge7 8. Qe1
O-O 9. Bb3 d5 10. Bd2 Rb8 11. Rb1 b5 12. a4 c4 13. dxc4 bxc4 14. Ba2 Nb4 15. Qe2
Nec6 16. Ne5 Nxe5 17. fxe5 d4 18. Bxc4 dxc3 19. Bxc3 Nc6 20. Qe3 Nxe5 21. Be2
Qb6 22. Qxb6 axb6 23. Rfd1 Bb7 24. Rd4 Rfc8 25. Kh1 Rxc3 26. bxc3 Bc6 27. a5
bxa5 28. Rxb8+ Bf8 29. Rdd8 Nd7 30. Rbc8 Bxe4 31. Rxd7 Kg7 32. Rcc7 Kg8 33. Bd3
Bf5 34. Bxf5 exf5 35. Rxf7 Bh6 36. Rfd7 Bf8 37. Rc8 a4 38. Ra7 a3 39. Rxa3 Kg7
40. Ra7+ Kg8 41. c4 h5 42. c5 f4 43. c6 g5 44. Rxf8+ Kxf8 45. c7 Ke7 46. c8=Q+
Kf6 47. Ra6+ Kf7 48. Qc7+ Kf8 49. Ra8# 1-0